Sulle antiche e nuove istituzioni scolastiche della provincia di Parma. Relazione

Salvato in:
Dettagli Bibliografici
Autore principale: Linati, Filippo.
Natura: Libro
Lingua:italiano
Pubblicazione: Parma Carmignani 1861
Catalogo:EDISCO:  Risultati della ricerca del catalogo della biblioteca
Libro di testo Classificazione:
Tags: Aggiungi Tag
Nessun Tag, puoi essere il primo ad aggiungerne!!
Aggiunto a:2016-04-30
Cambiato in:2017-10-18

MARC

LEADER 00000aam a22000007 4500
001 03632
003 OSt
005 20171018093850.0
008 160501s1861 it 000 0 ita
040 |c Gianfranco Bandini - Firenze - CLIO 
041 1 |a ita 
100 1 |a Linati, Filippo. 
245 0 0 |a Sulle antiche e nuove istituzioni scolastiche della provincia di Parma. Relazione 
260 |a Parma  |b Carmignani  |c 1861 
300 |a 69, 1/x ;  
901 |a 7 
852 |a Biblioteca Nazionale Centrale - Firenze 
942 |2 ddc  |c BK 
546 |a ita 
999 |c 3621  |d 3621 
999 |c edisco:3621  |d 3621